000 00693nam a22002297a 4500
005 20170124110210.0
010 _aB-163366
020 _c495.00
_a9788172234751
035 _aB-163366
037 _bCen Lib/Ret
040 _aDPL
_bEN
082 _a921
_bSAR
100 _aSarabhai, Mrinalini
_938068
245 _a The voice of heart /
_cby Mrinalini Sarabhai
260 _aNew Delhi
_bHarper Collins Publishers
_c2004
270 _a1A hamilton house connaught place
_bNew Delhi
_e110001
300 _a316p.
_c21cm(Hb)
500 _aIncludes index
650 _aClassical music
_938069
650 _aBharata natyam dancers
_973363
942 _2ddc
_cEN
_h921
_mSAR
999 _c133485
_d133485